01557nam a2200385Ia 4500001001200000003000800012006001900020007001500039008004100054010001700095020004300112020004000155020003800195020003500233020001800268040002100286035002100307050002400328082001500352100002200367245013400389260005100523300001600574490005900590504005100649533015200700600003300852650002200885650001800907650002000925655002900945710001700974830005400991856012601045ebr10684514CaPaEBRm u cr cn|||||||||121129s2013 gau sb 001 0 eng d z 2012046528 z9780820345291 (hardcover : alk. paper) z0820345296 (hardcover : alk. paper) z9780820345307 (pbk. : alk. paper) z082034530X (pbk. : alk. paper) z9780820345819 aCaPaEBRcCaPaEBR a(OCoLC)83968442314aHT151b.M445 2013eb04a307.762231 aMerrifield, Andy.14aThe politics of the encounterh[electronic resource] :burban theory and protest under planetary urbanization /cAndy Merrifield. aAthens :bUniversity of Georgia Press,c[2013] axxi, 161 p.1 aGeographies of justice and social transformation ;v19 aIncludes bibliographical references and index. aElectronic reproduction.bPalo Alto, Calif. :cebrary,d2013.nAvailable via World Wide Web.nAccess may be limited to ebrary affiliated libraries.10aLefebvre, Henri,d1901-1991. 0aSociology, Urban. 0aUrbanization. 0aSocial justice. 7aElectronic books.2local2 aebrary, Inc. 0aGeographies of justice and social transformation.40uhttp://site.ebrary.com/lib/rucke/Doc?id=10684514zAn electronic book accessible through the World Wide Web; click to view